| 000 | 00669nam a2200229 i 4500 | ||
|---|---|---|---|
| 001 | 86978 | ||
| 003 | ES-MaACL | ||
| 005 | 20230906175550.0 | ||
| 007 | t| | ||
| 008 | 041217s1986 sp ||||1| spa d | ||
| 020 | _a84-86311-39-X | ||
| 100 | 1 |
_aKonsalik, Heinz G. _968565 |
|
| 245 | 1 | 3 |
_aEl médico del valle / _cHeinz G. Konsalik ; traducción de José Miguel Mínguez. |
| 250 | _a1ª ed. | ||
| 260 |
_aBarcelona : _bVersal, _c1986. |
||
| 300 |
_a321 p. ; _c21 cm. |
||
| 490 | 1 | _aBest seller senator | |
| 700 | 1 |
_aMínguez, José Miguel. _981348 |
|
| 830 | 0 |
_aBest seller senator _9231771 |
|
| 852 |
_aES-MaACL _jL-11071 _bR.112614 |
||
| 999 |
_c86978 _d86978 |
||